000 00911nam a22002417a 4500
003 OSt
005 20250612093608.0
008 250603b |||||||| |||| 00| 0 eng d
020 _a9783031140648 (paperback)
040 _aNUST
_beng
_cNUST
_dNUST
_erda
050 _aTK3201 CHE
100 _aChen, Tin-Chih Toly
_eAuthor
245 _aProduction planning and control in semiconductor manufacturing :
_bbig data analysis and industry 4.0 applications /
_cTin-Chi Toly Chen.
260 _aTaiwan :
_bSpringer,
_c2023.
300 _avi, 100 pages :
_bIllustrations ;
_c22 cm.
336 _2rdamedia
_atext
_btxt
337 _2rdamedia
_aunmediated
_bn
338 _2rdamedia
_avolume
_bnc
504 _aIncludes bibliographical references.
650 _vTechnology electrical engineering.
650 _vDistribution or transmission of electric power
942 _2lcc
_cBOOKS
_hTK3201 CHE
_kTK
_mCHE
_n0
999 _c171935
_d171935